Business English and communication / (Record no. 25118)
[ view plain ]
| 000 -LEADER | |
|---|---|
| fixed length control field | 01742nam a2200265 4500 |
| 001 - CONTROL NUMBER | |
| control field | vtls002459960 |
| 003 - CONTROL NUMBER IDENTIFIER | |
| control field | MY-SjTCS |
| 005 - DATE AND TIME OF LATEST TRANSACTION | |
| control field | 20200306154113.0 |
| 008 - FIXED-LENGTH DATA ELEMENTS--GENERAL INFORMATION | |
| fixed length control field | 110218s1986 onca 001 eng |
| 020 ## - INTERNATIONAL STANDARD BOOK NUMBER | |
| International Standard Book Number | 0075489775 |
| 039 #9 - LEVEL OF BIBLIOGRAPHIC CONTROL AND CODING DETAIL [OBSOLETE] | |
| Level of rules in bibliographic description | 201910031205 |
| Level of effort used to assign nonsubject heading access points | ummi |
| Level of effort used to assign subject headings | 201102181237 |
| Level of effort used to assign classification | VLOAD |
| -- | 200407271940 |
| -- | VLOAD |
| 082 04 - DEWEY DECIMAL CLASSIFICATION NUMBER | |
| Classification number | 428.202465 |
| Item number | STE |
| 100 1# - MAIN ENTRY--PERSONAL NAME | |
| Personal name | Stewart, Marie M., |
| Dates associated with a name | 1899- |
| 9 (RLIN) | 206939 |
| 245 10 - TITLE STATEMENT | |
| Title | Business English and communication / |
| Statement of responsibility, etc. | Marie M. Stewart, Kenneth Zimmer, Lyn R. Clark ; adapted by Valerie S. Hume |
| 250 ## - EDITION STATEMENT | |
| Edition statement | 3rd Canadian ed. |
| 260 ## - PUBLICATION, DISTRIBUTION, ETC. | |
| Place of publication, distribution, etc. | Toronto, Ont. : |
| Name of publisher, distributor, etc. | McGraw-Hill Ryerson, |
| Date of publication, distribution, etc. | c1986. |
| 300 ## - PHYSICAL DESCRIPTION | |
| Extent | xv, 630 p. : |
| Other physical details | ill. ; |
| Dimensions | 25 cm. |
| 505 0# - FORMATTED CONTENTS NOTE | |
| Formatted contents note | Pt. 1. Communicating in your world. Ch. 1. The impact of modern communication technology. network. - Pt. 2. Developing reading skills. Ch. 2. The art of reading. - Pt. 3. Improving your basic word skills. Ch. 3 Words and word references. - Pt. 4. Developing your language skills. Ch. 4. Grammar. Ch. 5. Punctuation and punctuation style. - Pt. 5. Understanding the communication process. Ch. 6. The psychology of effective communication. - Pt. 6. Writing messages the get results. Ch. 7. The craft of writing. Ch. 8. Planning and writing your letters. Ch. 9. Memos, reports, and other communications. - Pt. 7. Developing listening and speaking skills. Ch. 10. The art of listening. Ch. 11. The art of effective speaking. - Pt. 8. Communicating to get a job. Ch. 12. Writing and speaking to get a job. - Appendix. - Index. |
| 650 #0 - SUBJECT ADDED ENTRY--TOPICAL TERM | |
| Topical term or geographic name entry element | English language |
| General subdivision | Business English. |
| 9 (RLIN) | 4891 |
| 650 #0 - SUBJECT ADDED ENTRY--TOPICAL TERM | |
| Topical term or geographic name entry element | Language arts |
| 9 (RLIN) | 106110 |
| 700 1# - ADDED ENTRY--PERSONAL NAME | |
| Personal name | Clark, Lyn |
| Relator term | (j.a.) |
| 9 (RLIN) | 50352 |
| 700 1# - ADDED ENTRY--PERSONAL NAME | |
| Personal name | Hume, Valarie S. |
| 9 (RLIN) | 206940 |
| 700 1# - ADDED ENTRY--PERSONAL NAME | |
| Personal name | Zimmer, Kenneth, |
| Dates associated with a name | 1921 - |
| Relator term | (j.a.) |
| 9 (RLIN) | 3359 |
| 920 ## - Programme | |
| Programme | CPU : 62845 |
| Withdrawn status | Lost status | Source of classification or shelving scheme | Damaged status | Not for loan | Collection code | Home library | Current library | Date acquired | Total Checkouts | Barcode | Date last seen | Date last checked out | Copy number | Koha item type | Public note |
|---|---|---|---|---|---|---|---|---|---|---|---|---|---|---|---|
| Withdrawn | Dewey Decimal Classification | Please fill up online form at https://taylorslibrary.taylors.edu.my/services/external_storage1 | Taylor's Library-TU | TU External Storage-LCS | 23/02/2009 | 3 | 5000057833 | 05/12/2019 | 09/04/2009 | 1 | Main Collection | CPUxx,02000,03,GR |